000 00319nam a22001457a 4500
020 _a978-0-06-313880-3
082 _a158
_bCIA/I
100 _aCIALDINI, ROBERT B
245 _aINFLUENCE
260 _aNEW YORK
_bROBERT COLLINS
_c2007
300 _a568
520 _aPSYCHOLOGY
650 _aREFERENCE BOOK
942 _cBK
999 _c7040
_d7040